[Event "British Rapidplay"]
[Site "Peterborough"]
[Date "2024.03.03"]
[Round "11"]
[White "Dupuis, Denis K"]
[Black "Vashisht Pigem, Raman"]
[Result "1/2-1/2"]
[WhiteElo "1863"]
[BlackElo "1809"]
[PlyCount "129"]
[EventDate "2024.03.02"]
[EventType "swiss (rapid)"]
[EventRounds "11"]
[EventCountry "ENG"]
[SourceTitle "CB10_2024"]
[SourceDate "2024.03.06"]
[SourceVersion "1"]
[SourceVersionDate "2024.03.06"]
[SourceQuality "1"]

1. e4 e6 2. d4 d5 3. exd5 exd5 4. Nf3 Nc6 5. Bf4 Bd6 6. Qd2 Nge7 7. Bd3 Bf5 8. Bxf5 Nxf5 9. Qe2+ Nfe7 10. Bxd6 Qxd6 11. Nbd2 0-0 12. 0-0 Nf5 13. Qd3 Qf6 14. c3 Nd6 15. Rfe1 Rfe8 16. h3 h6 17. b3 Rad8 18. Rxe8+ Rxe8 19. Re1 Rxe1+ 20. Nxe1 Qe6 21. Nef3 Ne4 22. Qe3 Nxd2 23. Qxd2 a6 24. Qf4 Qe7 25. Kf1 b5 26. b4 a5 27. bxa5 Nxa5 28. Ne5 Nc4 29. Nxc4 dxc4 30. Qd2 Qa3 31. Qc2 b4 32. cxb4 Qxb4 33. Ke2 c5 34. dxc5 Qxc5 35. Qc3 Qd5 36. a4 Qe4+ 37. Kd2 Qxg2 38. Qxc4 Qxf2+ 39. Kc3 Qe3+ 40. Qd3 Qc5+ 41. Kb3 g5 42. Qc4 Qe3+ 43. Kb4 Qb6+ 44. Qb5 Qd4+ 45. Qc4 Qb6+ 46. Qb5 Qd4+ 47. Ka5 Qa7+ 48. Kb4 Qd4+ 49. Ka3 Qc3+ 50. Qb3 Qc5+ 51. Ka2 h5 52. Qb8+ Kg7 53. Qb5 Qxb5 54. axb5 g4 55. hxg4 hxg4 56. b6 g3 57. b7 g2 58. b8Q g1Q 59. Qe5+ Kf8 60. Qd6+ Kg7 61. Qe5+ Kf8 62. Qd6+ Kg7 63. Qe5+ Kf8 64. Qd6+ Kg7 65. Qe6 1/2-1/2

[Event "British Rapidplay"]
[Site "Peterborough"]
[Date "2024.03.03"]
[Round "7"]
[White "Dupuis, Denis K"]
[Black "Venkataramanan, TS."]
[Result "1-0"]
[WhiteElo "1863"]
[BlackElo "2253"]
[PlyCount "125"]
[EventDate "2024.03.02"]
[EventType "swiss (rapid)"]
[EventRounds "11"]
[EventCountry "ENG"]
[SourceTitle "CB10_2024"]
[SourceDate "2024.03.06"]
[SourceVersion "1"]
[SourceVersionDate "2024.03.06"]
[SourceQuality "1"]

1. e4 e5 2. Nf3 Nc6 3. Bc4 Bc5 4. c3 Nf6 5. d4 exd4 6. cxd4 Bb4+ 7. Bd2 Nxe4 8. Bxb4 Nxb4 9. Bxf7+ Kxf7 10. Qb3+ Kf8 11. Qxb4+ Qe7 12. Qxe7+ Kxe7 13. 0-0 Nf6 14. Re1+ Kd8 15. Nc3 d6 16. Re3 Bd7 17. Rae1 Re8 18. Rxe8+ Bxe8 19. Ng5 Kd7 20. Ne6 Bg6 21. d5 c6 22. dxc6+ bxc6 23. Nd4 Re8 24. Rxe8 Nxe8 25. f4 c5 26. Nf3 Nf6 27. Kf2 Kc6 28. h3 h5 29. Ng5 d5 30. Ne6 d4 31. Nd1 Ne4+ 32. Kf3 Kd5 33. Nxg7 c4 34. f5 Bf7 35. Ne6 c3 36. Nf4+ Kc6 37. bxc3 dxc3 38. Ne2 c2 39. Nd4+ Kd5 40. Nxc2 Ke5 41. Nde3 Bxa2 42. Nb4 Bf7 43. Nc6+ Kd6 44. Nxa7 Nc3 45. Nc8+ Ke5 46. g4 hxg4+ 47. hxg4 Ne4 48. Nb6 Ng5+ 49. Kg3 Ke4 50. Nd1 Ke5 51. Nd7+ Kd6 52. Nf6 Ke5 53. Nd7+ Kd6 54. Nb6 Ke5 55. Nf2 Be8 56. Nc4+ Kd4 57. Nd6 Bc6 58. Kf4 Nf3 59. Nc8 Ne5 60. Ne7 Be8 61. g5 Bh5 62. Ng8 Bf7 63. Nf6 1-0

[Event "ENG-ch U12"]
[Site "Milton Keynes"]
[Date "2021.10.03"]
[Round "5"]
[White "Hobson, Kenneth"]
[Black "Dupuis, Denis K"]
[Result "1-0"]
[WhiteElo "1358"]
[BlackElo "1599"]
[PlyCount "52"]
[EventDate "2021.10.02"]
[EventType "swiss"]
[EventRounds "5"]
[EventCountry "ENG"]
[SourceTitle "EXT 2023"]
[Source "ChessBase"]
[SourceDate "2022.10.05"]
[SourceVersion "1"]
[SourceVersionDate "2022.10.05"]
[SourceQuality "1"]

1. e4 e5 2. Nf3 Nc6 3. Bc4 Nf6 4. d3 Bc5 5. c3 d6 6. Nbd2 a6 7. Bb3 0-0 8. 0-0 Be6 9. Re1 Qe7 10. h3 Ba7 11. Nf1 Rad8 12. Be3 Bxe3 13. Nxe3 g6 14. Bc2 Nh5 15. d4 d5 16. exd5 Bxd5 17. Nxd5 Rxd5 18. Be4 Rd6 19. Bxc6 Rxc6 20. Rxe5 Qf6 21. Re3 Nf4 22. Ne5 Rd6 23. Qf3 c6 24. Ng4 Qg5 25. h4 Qxh4 26. Qxf4 Re6 1-0

[Event "London Classic rapid op 11th"]
[Site "London"]
[Date "2019.12.07"]
[Round "2"]
[White "Orgler, Philipp"]
[Black "Dupuis, Denis K"]
[Result "0-1"]
[WhiteElo "1948"]
[BlackElo "1693"]
[PlyCount "81"]
[EventDate "2019.12.07"]
[EventType "swiss (rapid)"]
[EventRounds "7"]
[EventCountry "ENG"]
[SourceTitle "CBM 195 Extra"]
[Source "ChessBase"]
[SourceDate "2020.05.31"]
[SourceVersion "1"]
[SourceVersionDate "2020.05.31"]
[SourceQuality "1"]

1. b3 e5 2. Bb2 Nc6 3. e3 d5 4. Bb5 Bd6 5. Nf3 Qe7 6. d4 e4 7. Ne5 Bxe5 8. dxe5 a6 9. Bxc6+ bxc6 10. 0-0 Nh6 11. c4 Be6 12. Qc2 0-0 13. Ba3 Qg5 14. Bxf8 Rxf8 15. cxd5 cxd5 16. Nc3 Qxe5 17. Rae1 Ng4 18. f4 exf3 19. gxf3 Nxe3 20. Qd3 Qg5+ 21. Kf2 Nxf1 22. Rxf1 Qh4+ 23. Kg1 c5 24. Ne2 c4 25. Qd2 Rc8 26. bxc4 dxc4 27. Ng3 c3 28. Qe3 Qb4 29. Ne4 c2 30. Rc1 Bxa2 31. Qf4 Qd4+ 32. Kg2 Be6 33. h4 f5 34. Qd6 Qxd6 35. Nxd6 Rd8 36. Nb7 Rd2+ 37. Kg3 Bc4 38. Nc5 Rd5 39. Na4 Bb3 40. Nc3 Rd1 41. Nb1 0-1

[Event "BCF-ch U09"]
[Site "Hull"]
[Date "2018.07.28"]
[Round "5"]
[White "Dupuis, Denis K"]
[Black "Zheng, Harry Z"]
[Result "0-1"]
[WhiteElo "121"]
[BlackElo "107"]
[PlyCount "72"]
[EventDate "2018.07.27"]
[EventType "swiss"]
[EventRounds "6"]
[EventCountry "ENG"]
[SourceTitle "EXT 2021"]
[Source "ChessBase"]
[SourceDate "2020.10.23"]
[SourceVersion "1"]
[SourceVersionDate "2020.10.23"]
[SourceQuality "1"]

1. e4 e5 2. Nf3 Nc6 3. Bc4 Bc5 4. c3 Nf6 5. d4 exd4 6. cxd4 Bb4+ 7. Bd2 Bxd2+ 8. Nbxd2 0-0 9. 0-0 d5 10. exd5 Nxd5 11. h3 Nb6 12. Ne5 Nxd4 13. Nb3 Nxc4 14. Nxc4 Nxb3 15. Qxb3 b6 16. Rad1 Qf6 17. Rfe1 Be6 18. Qb4 c5 19. Qa4 Bxc4 20. Qxc4 Qxb2 21. Re7 Qb4 22. Qd5 c4 23. Rde1 h6 24. Qe5 c3 25. Rc1 c2 26. Qe2 Rac8 27. Rxa7 Qb2 28. Qf1 Rfd8 29. Re7 Rd1 30. Rxd1 cxd1Q 31. Qxd1 Rc1 32. Re8+ Kh7 33. Qxc1 Qxc1+ 34. Kh2 Qf4+ 35. Kg1 Qa4 36. Re2 Qd1+ 0-1

[Event "Wch U10 blitz"]
[Site "Minsk"]
[Date "2018.06.24"]
[Round "3"]
[White "Christensen, John Christoffer H"]
[Black "Dupuis, Denis K"]
[Result "0-1"]
[WhiteElo "1773"]
[BlackElo "1479"]
[PlyCount "40"]
[EventDate "2018.06.24"]
[EventType "swiss (blitz)"]
[EventRounds "9"]
[EventCountry "BLR"]
[SourceTitle "EXT 2019"]
[Source "ChessBase"]
[SourceDate "2018.10.10"]
[SourceVersion "1"]
[SourceVersionDate "2018.10.10"]
[SourceQuality "1"]

1. e4 e5 2. Nf3 Nc6 3. Bb5 f5 4. Bxc6 dxc6 5. Nxe5 fxe4 6. Qh5+ g6 7. Nxg6 hxg6 8. Qxh8 Kf7 9. Qc3 Bg7 10. Qb3+ Be6 11. Qg3 Ne7 12. 0-0 Nf5 13. Qf4 Qd4 14. Qxc7+ Kg8 15. Nc3 Rf8 16. b3 Be5 17. Qxb7 e3 18. fxe3 Qh4 19. Rf4 Bxf4 20. exf4 Qe1# 0-1

[Event "Basingstoke Spring Bank op U1825"]
[Site "Basingstoke"]
[Date "2018.05.28"]
[Round "7.16"]
[White "Willmoth, Harrison"]
[Black "Dupuis, Denis K"]
[Result "1/2-1/2"]
[WhiteElo "1754"]
[BlackElo "1400"]
[PlyCount "70"]
[EventDate "2018.05.25"]
[EventType "swiss"]
[EventRounds "7"]
[EventCountry "ENG"]
[SourceTitle "EXT 2023"]
[Source "ChessBase"]
[SourceDate "2022.10.05"]
[SourceVersion "1"]
[SourceVersionDate "2022.10.05"]
[SourceQuality "1"]

1. e4 e5 2. f4 d5 3. exd5 e4 4. Nc3 Nf6 5. Bb5+ Bd7 6. Bxd7+ Nbxd7 7. Nge2 Bc5 8. d4 Bb4 9. 0-0 Nb6 10. a3 Bxc3 11. Nxc3 Nbxd5 12. Nxd5 Qxd5 13. b3 0-0-0 14. Bb2 h5 15. c4 Qf5 16. d5 c6 17. Rc1 Kb8 18. Be5+ Ka8 19. d6 Ng4 20. Bxg7 Rhg8 21. Qd4 f6 22. h3 Rxg7 23. hxg4 Rxg4 24. Rf2 Rxf4 25. Rxf4 Qxf4 26. Rd1 h4 27. d7 h3 28. Qd2 e3 29. Qe2 Kb8 30. Rd3 Qf2+ 31. Qxf2 exf2+ 32. Kxf2 h2 33. Rh3 Rxd7 34. Rxh2 Rd3 35. Rh3 Rd2+ 1/2-1/2

[Event "BCF-ch U10"]
[Site "Llandudno"]
[Date "2017.08.04"]
[Round "6"]
[White "Dupuis, Denis K"]
[Black "Bowcott Terry, Silas"]
[Result "1/2-1/2"]
[WhiteElo "1330"]
[BlackElo "1022"]
[PlyCount "131"]
[EventDate "2017.07.30"]
[EventType "swiss"]
[EventRounds "7"]
[EventCountry "WLS"]
[SourceTitle "CBM 179 Extra"]
[Source "ChessBase"]
[SourceDate "2017.08.23"]
[SourceVersion "1"]
[SourceVersionDate "2017.08.23"]
[SourceQuality "1"]

1. e4 d6 2. d4 Nf6 3. Nc3 Nbd7 4. Bc4 e5 5. d5 Be7 6. Nge2 h6 7. f4 exf4 8. Bxf4 Nb6 9. Bb5+ Bd7 10. Bxd7+ Qxd7 11. Qd2 Nc4 12. Qd4 Nb6 13. Rd1 c5 14. dxc6 bxc6 15. Bxd6 Bxd6 16. Qxd6 Nc4 17. Qxd7+ Nxd7 18. b3 Ne3 19. Rd6 Nxc2+ 20. Kf2 Ne5 21. Rhd1 0-0 22. Nd4 Nxd4 23. R1xd4 Rac8 24. Ra4 Rc7 25. b4 Nc4 26. Rd4 Ne5 27. b5 cxb5 28. Nxb5 Rc2+ 29. Kg3 Rfc8 30. Ra3 Nc6 31. Rd7 Re8 32. Ra4 Rc8 33. Nxa7 Nxa7 34. Raxa7 R8c3+ 35. Kh4 Rxg2 36. Rxf7 Rxh2+ 37. Kg4 Rg2+ 38. Kh4 Rh2+ 39. Kg4 Rg2+ 40. Kh4 g5+ 41. Kh5 Rh2+ 42. Kg6 Rc6+ 43. Rf6 Rxf6+ 44. Kxf6 Rf2+ 45. Kg6 g4 46. Ra3 Kf8 47. Rg3 Rxa2 48. Kxh6 Ke7 49. Rxg4 Kf6 50. Rh4 Ke5 51. Kg5 Ra4 52. Rh8 Ra5 53. Re8+ Kd6+ 54. Kf6 Kd7 55. Re7+ Kc6 56. e5 Ra1 57. e6 Rf1+ 58. Kg7 Re1 59. Kf7 Rf1+ 60. Kg7 Kd6 61. Rf7 Rg1+ 62. Kf8 Kxe6 63. Re7+ Kd6 64. Ra7 Rf1+ 65. Rf7 Rxf7+ 66. Kxf7 1/2-1/2

[Event "BCF-ch U10"]
[Site "Llandudno"]
[Date "2017.08.03"]
[Round "5"]
[White "Clarkson, George"]
[Black "Dupuis, Denis K"]
[Result "1-0"]
[WhiteElo "1383"]
[BlackElo "1330"]
[PlyCount "39"]
[EventDate "2017.07.30"]
[EventType "swiss"]
[EventRounds "7"]
[EventCountry "WLS"]
[SourceTitle "CBM 179 Extra"]
[Source "ChessBase"]
[SourceDate "2017.08.23"]
[SourceVersion "1"]
[SourceVersionDate "2017.08.23"]
[SourceQuality "1"]

1. e4 e5 2. Nf3 Nc6 3. d4 exd4 4. Bc4 Nf6 5. 0-0 Nxe4 6. Re1 d5 7. Bxd5 Qxd5 8. Nc3 Qh5 9. Nxe4 Be6 10. Neg5 Qg6 11. Nxf7 Qxf7 12. Ng5 Qf5 13. Nxe6 Ne7 14. Nxc7+ Kd8 15. Nxa8 Qc8 16. Qxd4+ Ke8 17. Qa4+ Kf7 18. Qf4+ Kg8 19. c3 Qxa8 20. Qc4+ 1-0

[Event "GBR-ch U1750 op 104th"]
[Site "Llandudno"]
[Date "2017.08.02"]
[Round "3"]
[White "O'Mahoney, Mike J"]
[Black "Dupuis, Denis K"]
[Result "1-0"]
[WhiteElo "1699"]
[BlackElo "1330"]
[PlyCount "111"]
[EventDate "2017.07.31"]
[EventType "swiss"]
[EventRounds "5"]
[EventCountry "WLS"]
[SourceTitle "EXT 2019"]
[Source "ChessBase"]
[SourceDate "2018.10.10"]
[SourceVersion "1"]
[SourceVersionDate "2018.10.10"]
[SourceQuality "1"]

1. d4 d5 2. Nf3 Nf6 3. e3 Bf5 4. Bd3 Bg6 5. 0-0 e6 6. Ne5 Nbd7 7. f4 c5 8. c3 Ne4 9. Bb5 Nef6 10. Nd2 a6 11. Be2 Rc8 12. Ndf3 Bd6 13. Bd2 Ne4 14. Be1 Qc7 15. Qa4 f6 16. Nxd7 Qxd7 17. Qxd7+ Kxd7 18. dxc5 Bxc5 19. Nd4 e5 20. fxe5 fxe5 21. Bg4+ Ke8 22. Bxc8 exd4 23. exd4 Ke7 24. Bxb7 Rb8 25. Bxd5 Bd6 26. Bh4+ Kd7 27. Rae1 Re8 28. Bb3 Kc7 29. Ba4 Rb8 30. Re2 h6 31. Bb3 Bh7 32. Bd5 g5 33. Rf7+ Kd8 34. Rxh7 Nf6 35. Rh8+ Kc7 36. Rxb8 Kxb8 37. Re6 Be7 38. Bg3+ Kc8 39. Bc4 Bd8 40. Bxa6+ Kd7 41. d5 Be7 42. Bb5+ Kd8 43. d6 Bxd6 44. Rxd6+ Ke7 45. Rxf6 Kxf6 46. c4 Ke6 47. c5 Ke7 48. c6 Kd8 49. Ba6 h5 50. c7+ Kd7 51. c8Q+ Ke7 52. Be5 Kf7 53. Bc4+ Ke7 54. Qc7+ Ke8 55. Bd6 g4 56. Qe7# 1-0

[Event "GBR-ch U1750 op 104th"]
[Site "Llandudno"]
[Date "2017.07.31"]
[Round "1"]
[White "Rathbone Jones, Ifan"]
[Black "Dupuis, Denis K"]
[Result "0-1"]
[WhiteElo "1599"]
[BlackElo "1330"]
[PlyCount "58"]
[EventDate "2017.07.31"]
[EventType "swiss"]
[EventRounds "5"]
[EventCountry "WLS"]
[SourceTitle "EXT 2019"]
[Source "ChessBase"]
[SourceDate "2018.10.10"]
[SourceVersion "1"]
[SourceVersionDate "2018.10.10"]
[SourceQuality "1"]

1. e4 e5 2. d4 exd4 3. c3 dxc3 4. Bc4 cxb2 5. Bxb2 Bb4+ 6. Nd2 Nf6 7. Bxf7+ Kxf7 8. Qb3+ Ke8 9. Qxb4 Nc6 10. Qc4 d5 11. exd5 Qxd5 12. Qe2+ Qe6 13. Bxf6 Qxe2+ 14. Nxe2 gxf6 15. Ne4 Kf7 16. N2c3 Bf5 17. Rd1 Bxe4 18. Nxe4 Rhe8 19. Rd7+ Kg6 20. f3 f5 21. 0-0 fxe4 22. fxe4 Rxe4 23. Rff7 Ne5 24. Rg7+ Kf6 25. Rxc7 Re2 26. Rxb7 Rxa2 27. Rxh7 Rc8 28. h3 Nf3+ 29. gxf3 Rc1# 0-1

[Event "CAN-ch U08"]
[Site "Sault Ste Marie"]
[Date "2017.07.10"]
[Round "7"]
[White "Huard, Matheo"]
[Black "Dupuis, Denis K"]
[Result "1-0"]
[WhiteElo "1292"]
[BlackElo "1354"]
[PlyCount "35"]
[EventDate "2017.07.06"]
[EventType "swiss"]
[EventRounds "7"]
[EventCountry "CAN"]
[SourceTitle "EXT 2022"]
[Source "ChessBase"]
[SourceDate "2021.10.06"]
[SourceVersion "1"]
[SourceVersionDate "2021.10.06"]
[SourceQuality "1"]

1. e4 e5 2. Nf3 Nc6 3. Bc4 Nf6 4. Ng5 Bc5 5. Nxf7 Bxf2+ 6. Kxf2 Nxe4+ 7. Ke3 Qh4 8. Rf1 d5 9. Bxd5 Bg4 10. g3 Nxg3 11. hxg3 Qxg3+ 12. Rf3 Bxf3 13. Qxf3 Qe1+ 14. Kd3 Nb4+ 15. Kc3 Nxd5+ 16. Qxd5 Qg3+ 17. d3 Rf8 18. Qe6# 1-0